Bilecik Bilecik Bilecik Bilecik Bilecik

Ebeveyn-i Resulullah/ (Record no. 73720)

MARC details
000 -BAŞLIK
Sabit Uzunluktaki Kontrol Alanı 00917nam a22002897a 4500
001 - KONTROL NUMARASI
Control Dosyası 0072965
003 - KONTROL NUMARASI KİMLİĞİ
Kontrol Alanı KOHA_MİRAKIL
005 - EN SON İŞLEM TARİHİ ve ZAMANI
Kontrol Alanı 20260207005116.0
007 - FİZİKSEL TANIM SABİT ALAN - GENEL BİLGİ
Sabit uzunluklu kontrol alanı ta
008 - SABİT UZUNLUKTAKİ VERİ ÖGELERİ - GENEL BİLGİ
Sabit Alan 250108s2015 tu |||gr||||#||||0|tur |
020 ## - ISBN - ULUSLARARASI STANDART KİTAP NUMARASI
Isbn 9786054955978
Nitelik bilgileri
040 ## - KATALOGLAMA KAYNAĞI
Özgün Kataloglama Kurumu TR-BiSEU
Kataloglama Dili tur
Çeviri Kurumu TR-BiSEU
Açıklama Kuralları rda
041 0# - DİL KODU
Metin ya da ses kaydının dil kodu tur
044 ## - YAYINLAYAN/ÜRETEN KURULUŞUN ÜLKE KODU
ISO country code tu
050 ## - SINIFLAMA ve YER NUMARASI
Sınıflama Numarası BP76.8
Yer Numarası .A78 2015
100 1# - KİŞİ ADI
Yazar Adı (Kişi adı) Arvasî, Esseyyid Abdülhakîm.
245 1# - ESER ADI BİLDİRİMİ
Başlık Ebeveyn-i Resulullah/
Sorumluluk Bildirimi Esseyyid Abdülhakîm Arvasî ; Esseyyid Abdülhakîm Arvâsî; yayına hazırlayan Suat Ak..
264 #1 - ÜRERİM, YAYIN, DAĞITIM ve TELİF BİLDİRİMİ
Yayın yeri İstanbul :
Yayınlayan Büyük Doğu Yayınları,
Yayın tarihi 2015.
300 ## - FİZİKSEL TANIMLAMA
Sayfa, Cilt vb. 32 sayfa; 20 cm.
336 ## - İÇERİK TÜRÜ
Content type term metin
Content type code txt
Source rdacontent
337 ## - MEDYA TÜRÜ
Media type term aracısız
Media type code n
Source rdamedia
338 ## - TAŞIYICI TÜRÜ
Carrier type term cilt
Carrier type code nc
Source rdacarrier
490 1# - DİZİ BİLDİRİMİ
Dizi Bildirimi Büyük Doğu yayınları ;
Cilt Numarası 100
500 ## - GENEL NOT
Genel Not Osmalıca metin var.
830 1# - SERİ EK GİRİŞİ - TEKBİÇİM ESER ADI
Tekbiçim Başlık Büyük Doğu yayınları ;
Volume number/sequential designation 100
9 (RLIN) 16601
942 ## - EK GİRİŞ ÖGELERİ (KOHA)
Source of classification or shelving scheme Library of Congress Classification
Koha item type Book
Holdings
Materyal Türü Kalıcı Konum Mevcut Konum Sınıflandırma Kaynağı Edinim Bilgisi Ana Konular Alt Konular Yer Numarası Demirbaş Numarası Fatura Tarihi Geri Çekilme Durumu Kayıp Durumu Hasarlı Durumu Kredi için değil Kayıt Tarih Toplam Ödünçverme Son Görülme Tarihi Son Kontrol Tarihi Genel / Bağış Notu
Book BŞEÜ Osmaneli MYO Kütüphanesi BŞEÜ Osmaneli MYO Kütüphanesi Library of Congress Classification Bağış FELSEFE, PSİKOLOJİ, DİN İslam, Bahailik, Teozofi vb. BP76.8 .A78 2015 0072965 02/02/2026         08/01/2025   18/03/2025 18/03/2025 Mustafa Çakır, Akademisyen